Pilotes F1 aléatoires par leur historique d'écurie - Statistiques

Statistiques générales
  • Ce quiz a été pris 33 fois
  • Le résultat moyen est 14 sur 20
Statistiques - réponses
Ecuries Activité en F1 Pilote % Correct
Toro Rosso - RedBull - Williams 2019- Alexander Albon
100%
Toro Rosso - Renault - McLaren - Ferrari - Williams 2015- Carlos Sainz
100%
Williams - McLaren - RedBull 1994-2008 David Coulthard
100%
Williams - Mercedes 2019- George Russell
100%
McLaren 2023- Oscar Piastri
100%
Williams - Mercedes - Alfa Romeo - Kick Sauber - Cadillac 2013-2024, 2026- Valtteri Bottas
100%
AlphaTarui - Racing bulls - RedBull 2021-2025 Yuki Tsunoda
100%
Williams - Force India - Sauber - Force India - Renault - Racing Point - Aston Martin - Haas - Kick Sauber - Audi 2010- Nico Hülkenberg
92%
Williams - Alpine 2024- Franco Colapinto
88%
McLaren 2019- Lando Norris
88%
Toro Rosso - RedBull - Toro Rosso - AlphaTauri - Alpine 2017- Pierre Gasly
88%
Alfa Romeo - Ferrari 2018- Charles Leclerc
86%
HRT - Toro Rosso - RedBull - Renault - McLaren - AlphaTauri - Racing Bulls 2011-2024 Daniel Ricciardo
86%
Haas 2025- Oliver Bearman
86%
Racing Bulls - RedBull 2025- Isack Hadjar
82%
Toto Rosso - RedBull 2015- Max Verstappen
82%
Manor - Force India - Racing Point - Renault - Alpine - Haas 2016-2018, 2020- Esteban Ocon
80%
Alpine 2025 Jack Doohan
80%
Sauber - McLaren - Ferrari - Lotus - Ferrari - Alfa Romeo 2001-2009, 2012-2021 Kimi Räikkönen
80%
BMW Sauber - Toro Rosso - RedBull - Ferrari - Aston Martin 2007-2022 Sebastian Vettel
79%
Racing Bulls 2026- Arvid Lindblad
78%
McLaren - Mercedes - Ferrari 2007- Lewis Hamilton
78%
AlphaTauri - Racing Bulls - RedBull - Racing Bulls 2023- Liam Lawson
78%
Kick Sauber - Audi 2025- Gabriel Bortoleto
77%
Toro Rosso - RedBull - Toro Rosso - AlphaTauri 2014-2020 Daniil Kvyat
75%
Williams - Mercedes 2006-2016 Nico Rosberg
75%
Sauber - McLaren - Force India - Racing Point - RedBull - Cadillac 2011-2024, 2026- Sergio Perez
75%
Minardi - Renault - McLaren - Renault - Ferrari - McLaren - Alpine - Aston Martin 2001, 2003-2018, 2021- Fernando Alonso
73%
Jordan - Benetton - Ferrari - Mercedes 1991-2006, 2010-2012 Michael Schumacher
73%
Sauber - Ferrari - Williams 1998-2017 Felipe Massa
64%
Renault - Lotus - Haas 2009, 2012-2020 Romain Grosjean
64%
Toleman - Lotus - McLaren - Williams 1984-1994 Ayrton Senna
63%
Minardi - Jaguar - Williams - RedBull 2002-2013 Mark Webber
63%
Lotus - McLaren 1991-2001 Mika Häkkinen
63%
Alfa Romeo - Ferrari 1950-1955 Giuseppe Farina
60%
Williams - Benetton - Renault - BAR - Honda - Brawn GP - McLaren 2000-2017 Jenson Button
60%
Williams - BAR - Renault - Sauber - BMW Sauber 1996-2006 Jacques Villeneuve
56%
McLaren - Renault - McLaren - Ferrari - Williams 1980-1993 Alain Prost
54%
Brabham - Williams - Lotus - Benetton 1978-1991 Nelson Piquet
50%
Jordan - Stewart - Ferrari - Honda - Brawn GP - Williams 1993-2011 Rubens Barrichello
50%
Alfa Romeo - Maserati - Daimler-Benz - Ferrari - Maserati 1950-1951, 1953-1957 Juan Manuel Fangio
45%
Alfa Romeo - Kick Sauber 2022-2024 Zhou Guanyu
44%
Ferrari - Maserati - Ferrari - Lancia 1950-1955 Alberto Ascari
38%
ATS - Arrows - Benetton - Ferrari - McLaren - Ferrari - Benetton 1984-1997 Gerhard Berger
33%
Brabham - Williams - Arrows - Jordan 1992-1999 Damon Hill
30%
March - BRM - Ferrari - Brabham - McLaren 1971-1985 Niki Lauda
30%
Ligier - Prost GP - BAR - Toyota 1994-2004 Olivier Panis
30%
Williams - McLaren 2001-2006 Juan Pablo Montoya
29%
Tyrell - Ferrari - Benetton - Sauber - Prost GP - Jordan 1989-2001 Jean Alesi
20%
Lotus - STP - Ferrari - Parnelli - Lotus - Alfa Romeo - Williams - Ferrari 1968-1982 Mario Andretti
0%
Aucun quiz correspondant
Distribution des résultats
% des personnes avec chaque résultat
Percentile par nombre de réponses
Votre historique - résultats
Vous n’avez pas pris ce quiz